| 000 | 01245naa a22003137a 4500 | ||
|---|---|---|---|
| 001 | BR7907130 | ||
| 003 | BR-BrBNA | ||
| 005 | 20240918174458.0 | ||
| 007 | ta | ||
| 008 | 230509b bl.||||| |||| 00| 0 por d | ||
| 040 |
_aBR-BrBNA _bpor _cBiblioteca Nacional de Agricultura |
||
| 041 | _a(Pt) | ||
| 072 |
_aH20 _b0150 _b4120 _b3875 _bG514 |
||
| 090 | _aH20 BR7907130 | ||
| 100 | 1 | _aRibeiro, A.S. | |
| 111 | 1 |
_a9. Reuniao da Cultura do Arroz Irrigado _cPelotas, RS (Brazil) _d10 Sep 1979 |
|
| 245 | 1 | _aComparacao de fungicidas no controle da bruzone, mancha parda e mancha estreita [Pyricularia orizae; Helminthosporium oryzae; Cercospora oryzae; Arroz irrigado; Oryza sativa; Rio Grande do Sul; Brasil] | |
| 260 | 3 |
_aPorto Alegre, RS (Brasil): _c1979. |
|
| 500 | _aAnais da 9. Reuniao da Cultura do Arroz Irrigado Porto Alegre, RS (Brasil): 1979. p. 158-161 (BR7907130-AM)H20 | ||
| 650 | _aBRUSONE | ||
| 650 | _aMANCHA PARDA | ||
| 650 | _aCERCOSPORIOSE | ||
| 650 | _aFUNGICIDA | ||
| 650 | _aCONTROLE QUIMICO | ||
| 650 | _aRIO GRANDE DO SUL | ||
| 773 | 0 |
_tAnais da 9. Reuniao da Cultura do Arroz Irrigado _wH20 BR7907130 _gPorto Alegre, RS (Brasil), 1979. p. 158-161 |
|
| 909 |
_a202404 _bLucia _c55 _dLucia Elande |
||
| 942 |
_cAM _2AGRIS |
||
| 999 |
_c311519 _d311519 |
||